Doctor Zhivago
Na minha lista:
| Autor principal: | |
|---|---|
| Formato: | Livro |
| Idioma: | Undetermined |
| Publicado em: |
Milan, Italia
Pantheon
1958
|
| Assuntos: | |
| Tags: |
Adicionar Tag
Sem tags, seja o primeiro a adicionar uma tag!
|
MARC
| LEADER | 00000nam a2200000Ia 4500 | ||
|---|---|---|---|
| 008 | 170316s9999 xx 000 0 und d | ||
| 040 | |a cru BVZT | ||
| 090 | |a 891 P-1d | ||
| 100 | |a Pasternak, Boris | ||
| 245 | |a Doctor Zhivago | ||
| 260 | |a Milan, Italia | ||
| 260 | |b Pantheon | ||
| 260 | |c 1958 | ||
| 300 | |a 558 páginas | ||
| 650 | |a LITERATURA RUSA | ||
| 999 | |c 12082 |d 12082 | ||
| 942 | |c 15 D |h 891 P-1d |2 z | ||
